00245nam a2200097Ia 4500008004100000082000800041100001200049245006500061942000600126999001500132240331s9999 xx 000 0 und d bRYA aRyan, B 0aCaste in modern Ceylon :bthe sinhalese system in transition cL c1962d1962